Eastern Utah Libraries Catalog: Duchesne, Heber, Roosevelt, & Vernal

The mask of Zorro (Record no. 282083)

MARC details
000 -LEADER
fixed length control field 04205cgm a2200637Ka 4500
001 - CONTROL NUMBER
control field ocn768080229
003 - CONTROL NUMBER IDENTIFIER
control field OCoLC
005 - DATE AND TIME OF LATEST TRANSACTION
control field 20200320191706.0
007 - PHYSICAL DESCRIPTION FIXED FIELD--GENERAL INFORMATION
fixed length control field vd cvaizu
008 - FIXED-LENGTH DATA ELEMENTS--GENERAL INFORMATION
fixed length control field 111212s2010 cau267 vleng d
020 ## - INTERNATIONAL STANDARD BOOK NUMBER
International Standard Book Number 1424863236
020 ## - INTERNATIONAL STANDARD BOOK NUMBER
International Standard Book Number 9781424863235
020 ## - INTERNATIONAL STANDARD BOOK NUMBER
Terms of availability 15.95
024 1# - OTHER STANDARD IDENTIFIER
Standard number or code 043396197114
028 42 - PUBLISHER NUMBER
Publisher number 19711
Source Sony Pictures Home Entertainment
035 ## - SYSTEM CONTROL NUMBER
System control number (OCoLC)768080229
040 ## - CATALOGING SOURCE
Original cataloging agency RNL
Language of cataloging eng
Transcribing agency RNL
Modifying agency OCLCQ
-- WACOL
041 1# - LANGUAGE CODE
Language code of text/sound track or separate title eng
-- spa
-- fre
-- por
-- eng
-- fre
-- spa
-- por
Language code of original and/or intermediate translations of text eng
049 ## - LOCAL HOLDINGS (OCLC)
Holding library WACL
092 ## - LOCALLY ASSIGNED DEWEY CALL NUMBER (OCLC)
Classification number DVD
Item number Mas
245 04 - TITLE STATEMENT
Title The mask of Zorro
Medium [videorecording] ;
Remainder of title The legend of Zorro /
Statement of responsibility, etc distributed by Sony Pictures Home Entertainment.
246 30 - VARYING FORM OF TITLE
Title proper/short title Legend of Zorro
260 ## - PUBLICATION, DISTRIBUTION, ETC. (IMPRINT)
Place of publication, distribution, etc [Culver City, Calif.] :
Name of publisher, distributor, etc Sony Pictures Home Entertainment,
Date of publication, distribution, etc [2007]
300 ## - PHYSICAL DESCRIPTION
Extent 2 videodiscs (ca. 267 min.) :
Other physical details sd., col. ;
Dimensions 4 3/4 in.
538 ## - SYSTEM DETAILS NOTE
System details note DVD, widescreen (Mask of Zorro) or full screen (Legend of Zorro) formats ; Dolby digital ; NTSC 1.
546 ## - LANGUAGE NOTE
Language note Mask of Zorro: English, French, Spanish, or Portuguese dialogue with optional subtitles in English, French, Spanish, or Portuguese. Legend of Zorro: English or French dialogue with optional subtitles in English or French. Both films closed captioned.
511 1# - PARTICIPANT OR PERFORMER NOTE
Participant or performer note Mask of Zorro: Antonio Banderas, Anthony Hopkins, Catherine Zeta-Jones, Stuart Wilson, Matt Letscher. Legend of Zorro: Antonio Banderas, Catherine Zeta-Jones, Rufus Sewell, Nick Chinlund.
508 ## - CREATION/PRODUCTION CREDITS NOTE
Creation/production credits note Mask of Zorro: TriStar Pictures presents an Amblin Entertainment production ; director, Martin Campbell ; producers, Doug Claybourne & David Foster ; screenplay, John Eskow, Ted Eliott & Terry Rossio ; story, Ted Elliott & Terry Rosso ; music, James Horner. Legend of Zorro: Columbia Pictures and Spyglass Entertainments present an Amblin Entertainment production ; produced by Laurie MacDonald, Walter F. Parkes, Lloyd Phillips ; screenplay by Roberto Orci & Alex Kurtzman ; directed by Martin Campbell ; director of photography, Phil Meheux ; editor, Stuart Baird ; music, James Horner ; production designer, Cecilia Montiel.
500 ## - GENERAL NOTE
General note Mask of Zorro was originally produced as a motion picture in 1998. Legend of Zorro was originally produced as a motion picture in 2005.
521 8# - TARGET AUDIENCE NOTE
Target audience note Rated PG.
520 ## - SUMMARY, ETC.
Summary, etc Mask of Zorro: An aging Don Diego must transform Alejandro, a troubled drifter with potential as a swordfighter, into the fearless hero he once was in order to save his daughter from a long-time enemy. Legend of Zorro: Torn between his life as the vigilante Zorro and his duties to his family, Alejandro promises his wife and son that he will hang up his mask for good, but a new threat causes him to come out of retirement.
500 ## - GENERAL NOTE
General note Special features: Mask of Zorro: behind-the-scenes featurette, deleted scenes, director commentary, theatrical trailer, and more. Legend of Zorro: director and cinematographer commentary, deleted scenes with optional director commentary, behind-the-scenes featurettes, and more.
505 0# - FORMATTED CONTENTS NOTE
Formatted contents note Mask of Zorro (ca. 137 min.) -- Legend of Zorro (ca. 130 min.).
650 #0 - SUBJECT ADDED ENTRY--TOPICAL TERM
Topical term or geographic name as entry element Zorro (Fictitious character)
Form subdivision Drama.
9 (RLIN) 5883521
650 #0 - SUBJECT ADDED ENTRY--TOPICAL TERM
Topical term or geographic name as entry element Married people
Form subdivision Drama.
9 (RLIN) 5681961
650 #0 - SUBJECT ADDED ENTRY--TOPICAL TERM
Topical term or geographic name as entry element Undercover operations
Form subdivision Drama.
9 (RLIN) 5676919
655 #7 - INDEX TERM--GENRE/FORM
Genre/form data or focus term Western films.
Source of term lcgft
9 (RLIN) 102776
655 #7 - INDEX TERM--GENRE/FORM
Genre/form data or focus term Swashbuckler films.
Source of term lcgft
9 (RLIN) 5753951
655 #7 - INDEX TERM--GENRE/FORM
Genre/form data or focus term Historical films.
Source of term lcgft
9 (RLIN) 5883522
655 #7 - INDEX TERM--GENRE/FORM
Genre/form data or focus term Action and adventure films.
Source of term lcgft
9 (RLIN) 5674017
655 #7 - INDEX TERM--GENRE/FORM
Genre/form data or focus term Video recordings for the hearing impaired.
Source of term lcgft
9 (RLIN) 5883523
700 1# - ADDED ENTRY--PERSONAL NAME
Personal name Campbell, Martin.
9 (RLIN) 66073
700 1# - ADDED ENTRY--PERSONAL NAME
Personal name Banderas, Antonio.
9 (RLIN) 38020
700 1# - ADDED ENTRY--PERSONAL NAME
Personal name Hopkins, Anthony,
Dates associated with a name 1937-
9 (RLIN) 4319
700 1# - ADDED ENTRY--PERSONAL NAME
Personal name Zeta-Jones, Catherine,
Dates associated with a name 1969-
9 (RLIN) 61183
700 1# - ADDED ENTRY--PERSONAL NAME
Personal name Wilson, Stuart.
9 (RLIN) 40087
700 1# - ADDED ENTRY--PERSONAL NAME
Personal name Letscher, Matt.
9 (RLIN) 5883524
700 1# - ADDED ENTRY--PERSONAL NAME
Personal name Sewell, Rufus.
9 (RLIN) 5741398
700 1# - ADDED ENTRY--PERSONAL NAME
Personal name Chinlund, Nick.
9 (RLIN) 5883525
710 2# - ADDED ENTRY--CORPORATE NAME
Corporate name or jurisdiction name as entry element Tri-Star Pictures.
9 (RLIN) 36498
710 2# - ADDED ENTRY--CORPORATE NAME
Corporate name or jurisdiction name as entry element Sony Pictures Home Entertainment (Firm)
9 (RLIN) 71947
942 ## - ADDED ENTRY ELEMENTS (KOHA)
Koha item type DVD
948 ## - LOCAL PROCESSING INFORMATION (OCLC); SERIES PART DESIGNATOR (RLIN)
Series part designator, SPT (RLIN) 11/06/2013
z (OCLC) Sirsi
994 ## -
-- 02
-- WACOL
996 ## -
-- 104623
-- 34301001616665
-- DVD
-- DVD
-- wcl
-- i
-- 51
-- 15.95
-- .CIRCNOTE. 2 discs
-- amazon
-- Mas
-- 11/06/2013
-- 01/25/2020
-- 01/09/2020
Holdings
Withdrawn status Lost status Source of classification or shelving scheme Materials specified (bound volume or other part) Damaged status Not for loan Collection code Home library Current library Shelving location Date acquired Source of acquisition Cost, normal purchase price Total Checkouts Total Renewals Full call number Barcode Date last seen Date checked out Cost, replacement price Price effective from Koha item type
    Dewey Decimal Classification .CIRCNOTE. 2 discs     Movies Wasatch County Library Wasatch County Library Audio Visual Area 11/06/2013 Amazon 15.95 63 7 DVD Mas 34301001616665 03/06/2026 02/27/2026 15.95 03/20/2020 DVD
This project was made possible through a grant from the Institute of Museum and Library Service administered by the Utah State Library Division.

Wasatch County Library

  • 465 East 1200 South, Heber City, Utah 84032
  • Phone 435-654-1511 | Fax 435-654-6456

Hours

  • Monday - Friday 9:30 AM - 8:00 PM
  • Saturday 9:30 AM - 1:30 PM
  • Closed Sundays and Holidays